• 首页
  • 本馆介绍
  • 公告通知
  • 最新文献
  • 馆藏检索
  • 电子资源
  • 读者导购
  • 参考咨询
  • 我的图书馆
  • 登录
  • 详细信息显示
  • 放入我的书架
  • 预约/预借图书
  • 作者相关作品
  • 分类相关作品
  • 丛书相关作品
  • 出版社相关作品

书目信息

  • 表格格式
  • 工作单格式
  • 卡片格式
题名:
中国社会主义劳动问题
    
 
作者: 许玉龙 , 王永江 著
分册:  
出版信息: 合肥   安徽人民出版社  1985.5
页数: 376页
开本: 21cm
丛书名:
单 册:
中图分类: F044
科图分类:
主题词: 社会主义社会--生产方式
电子资源:
ISBN:
000 00624nam0 2200217 45
001 0404210956
005 20040421091931.5
010    @dCNY2.30
091    @a4102.165
100    @a20040421d1985 km y0chiy0120 ea
101 0  @achi
105    @a z 000yy
200 1  @a中国社会主义劳动问题@AZhong Guo She Hui Zhu Yi Lao Dong Wen Ti@f许玉龙,王永江著@FXu Yu Long,Wang Yong Jiang Zhu
210    @a合肥@c安徽人民出版社@d1985.5
215    @a376页@d21cm
606 0  @a社会主义社会@x生产方式
690    @aF044@v3
701  0 @a许玉龙@4著
701  0 @a王永江@4著
801    @aCN@bTSTCL@c20040421
905    @f2@b141153-154@dF044@e55
    
    中国社会主义劳动问题/许玉龙,王永江著.-合肥:安徽人民出版社,1985.5
    376页;21cm
    
    
    ISBN :CNY2.30
    
●
相关链接 在E读中查询图书 在五车中查询图书 在当当中查询图书 在豆瓣中查询图书


正题名:中国社会主义劳动问题     索取号:F044/55         预约/预借

序号 登录号 条形码 馆藏地/架位号 状态 备注
1 0141153   000193310   密集书库/ [索取号:F044/55] 在馆    
2 0141154   000193329   第一借阅区/ [索取号:F044/55] 在馆    
3 0141155   002057026   第一样本阅览室/ [索取号:F044/55] 在馆    
唐山师范学院图书馆 欢迎您!
大连网信软件有限公司© 版权所有